000 00568nam a22001817a 4500
005 20251108174858.0
008 250721s2001 xx 000 0 ara d
082 1 4 _aط/649.5/وز
245 1 0 _aوز! وز! كيف نقفز؟ /
264 1 _aبيروت :
_bالدار العربية للعلوم،
_c2001.
300 _a31ص.
490 0 _aإلعب وتعلم : اختبارات في الخارج
650 1 7 _aالاطفال
650 1 7 _aالألعاب
653 _aاطفال مرحلة متوسطة (6-9) سنوات
942 _2ddc
_cBK
999 _c120448
_d120448